000 00623nam a2200241 a 4500
001 nice12345678
003 IN_TiNIC
005 20260116013758.0
008 050524s2000 hyda grp 000 0 eng
020 _a8186196
_c330
082 0 0 _a346.54
_bKHA
100 _aKhan, Ahmedullah
245 _aCommentary on the Law of WAKF in India
_b the Wakf Act, 1995.
260 _aHyderabad
_bAsia Law House
_c2000
300 _a408p
500 _aincludes index and biblioraphy
505 2 _aIndex
650 _aLaws-India-Waqf
700 1 _aKhan, Ahmedullah
902 _bSRS
942 _cBK
999 _c12449
_d12449